Statistics for Famous Seconds Quiz

Click here to take the quiz!

General Stats

  • This quiz has been taken 42,847 times
    (30,094 since last reset)
  • The average score is 16 of 22

Answer Stats

Second...Answer% Correct
Greek letterBeta
93%
Most populous countryChina
93%
Largest country by areaCanada
90%
Largest U.S. state by areaTexas
89%
Person (Biblical)Eve
86%
Largest planet in the Solar SystemSaturn
86%
Most populous city in the U.S.Los Angeles
83%
Child of Princess DianaPrince Harry
82%
U.S. PresidentJohn Adams
80%
Soviet DictatorJoseph Stalin
80%
Man to walk on the moonBuzz Aldrin
75%
Element in the Periodic TableHelium
75%
Highest mountainK2
69%
Smallest U.S. state by areaDelaware
68%
Wife of Henry VIIIAnne Boleyn
64%
Book of the BibleExodus
63%
Harry Potter bookChamber of Secrets
62%
Female Prime Minister of the UKTheresa May
61%
Star Wars movieThe Empire Strikes Back
58%
Holiest city in IslamMedina
52%
Indiana Jones movieTemple of Doom
51%
Roman EmperorTiberius
23%

Score Distribution

Percentile by Number Answered

Percent of People with Each Score

Your Score History

You have not taken this quiz since the last reset